书目信息 |
| 书名: | Chemistry and physics of carbon | |
| 作者: | Edited by Peter A.Thrower. | |
| 分册号: | ||
| 分册名: | 出版地: | NEW YORK : |
|
| 出版社: | Marcel Dekker, Inc | |
| 出版时间: | 1973-. | |
| 页数: | 185 p. ; | |
| 开本: | 21cm. | |
| 丛书名: | ||
| 中图分类号: | ||
| 科图分类号: | ||
| 其他分类号: | O613.71:H31 | |
| 主题词: | ||
| 电子资源: | ||
| 000 | 00549nam 2200193 a 4500 | |
| 001 | E0752939312 | |
| 005 | 20070301144834.04 | |
| 008 | uu | |
| 020 | @cCNY1.20. | |
| 040 | @aCcBjTSG | |
| 049 | @aN5LA | |
| 090 | @aO613.71:H31 | |
| 099 | @dO613.71:H31@ex2:18 | |
| 245 | 00 | @aChemistry and physics of carbon :@bA SERIES OF ADVANCES / @cEdited by Peter A.Thrower.@n18 |
| 260 | @aNEW YORK :@bMarcel Dekker, Inc.,@c1973-. | |
| 300 | @a185 p. ;@c21cm. | |
| 650 | 0 | @aCarbon. |
| 700 | @aEdited by Thrower,Peter A. | |
| 852 | 9 | @bWWJC @cJ08S @k2 @hO613.71 @iCPC |
| Chemistry and physics of carbon : : A SERIES OF ADVANCES / / Edited by Peter A.Thrower.. 18.-NEW YORK : : Marcel Dekker, Inc., , 1973-. |
| 185 p. ; ; 21cm. |
| ISBN CNY1.20. |
| ● |
| 相关链接 |
|
|
|
|
正题名:Chemistry and physics of carbon
索取号:O613.71:H31/x2:18
 
预约/预借
| 序号 | 登录号 | 条形码 | 馆藏地/架位号 | 状态 | 备注 |
| 1 | 128365 | 000636878 | 第四借阅区/ [索取号:O613.71:H31/x2:18] | 在馆 | |
| 2 | 128366 | 000636887 | 第四借阅区/ [索取号:O613.71:H31/x2:18] | 在馆 | |
| 3 | 128367 | 000636869 | 第四借阅区/ [索取号:O613.71:H31/x2:18] | 在馆 | |
| 4 | 128368 | 000636896 | 第四借阅区/ [索取号:O613.71:H31/x2:18] | 在馆 | |
| 5 | 128369 | 000636903 | 第二样本阅览室/ [索取号:O613.71:H31/x2:18] | 在馆 |